Statistics for Greek Gods and Titans Alphabetically

Click here to take the quiz!

General Stats

  • This quiz has been taken 438 times
  • The average score is 41 of 104

Answer Stats

HintAnswer% Correct
God of Music, Poetry, Healing, Sun and KnowlegeApollo
93%
God of the Sky, Thunder and LightningZeus
90%
Goddess of Wisdom and Battle StrategyAthena
89%
God of the UnderworldHades
89%
Goddess of Love and BeautyAphrodite
88%
God of Thieves, Travellers and CommunicationHermes
87%
God of War and BloodshedAres
86%
Goddess of the Hunt and MoonArtemis
86%
Goddess of Marriage ad WomenHera
86%
Gatekeeper of OlympusHerakles/Heracles
86%
Goddess of Agriculture and HarvestDemeter
84%
Mother EarthGaia/Gaea
84%
Goddess of Spring and the UnderworldPersephone
84%
Titan of TimeCronus/Kronos
83%
God of Wine, Madness and PartiesDionysus
82%
God of LoveEros
82%
Goddess of Home and HearthHestia
81%
God of the Sea, Earthquakes and HorsesPoseidon
80%
God of Forges, Blacksmiths and FireHephaestus/Hephostios
79%
God of Satyrs and the WildPan
79%
Goddess of RemedyPanacea
79%
Goddess of the Full MoonPandia
79%
Titan of the SunHelios
77%
Goddess of VictoryNike
73%
Goddess of NightNyx
72%
Goddess of RainbowsIris
71%
Goddess of MagicHecate
70%
God of SleepHypnos
67%
Titaness of the MoonSelene
66%
Goddess of Revenge and BalanceNemesis
64%
God of DeathThanatos
62%
Goddess of DawnEos
61%
Goddess of Discord and StrifeEris
60%
Father SkyOuranus/Uranus
60%
Goddess of YouthHebe
59%
Titan of OceansOceanus
58%
God of DreamsMorpheus
52%
God of Medicine and HealingAsclepius
50%
God of FearPhobos
49%
God of the WindsAeolus
45%
God of Beginnings, Endings and DoorwaysJanus
45%
God of DolphinsDelphin
44%
God of the North WindBoreas
43%
Titans of NatureRhea
41%
Titan of LightHyperion
40%
Goddess of the SeaAmphitrite
38%
Goddess of HarmonyHarmonia
37%
Goddess of FortuneTyche
34%
Cupbearer to the GodsGanymede
32%
God of the West WindZephyrus
32%
Titan of MortalityIapetus
31%
Titans of Divine LawThemis
31%
Goddess of SnowKhione
30%
Titans of MemoryMnemosyne
30%
God of DarknessErebus
29%
Titans of ProphecyPhoebe
29%
God of Light and the AtmosphereAether
28%
Goddess of DaylightHemera
28%
God of the South WindNotus
26%
Goddess of WarEnyo
25%
God of the East WindEurus
22%
Titan of IntellectCoeus
21%
Titan of ConstellationsCrius
21%
Goddess of ForceBia
20%
God of MightKratos
20%
Goddess of Violent Sea StormsKymopoleia
18%
Goddess of MischefAté
17%
God of WealthPlutus
17%
Titans of the SeaTethys
17%
Goddess of Sea MonstersKeto
16%
God of Old AgeGeras
15%
Goddess of Hygiene and CleanlinessHygea
15%
God of Family FeudsAlastor
14%
Goddess of Insanity and MadnessMania
14%
Goddess of GhostsMelinoe
14%
Goddess of Labryinths and PathsAriadne
13%
Goddess of ChildbirthEileithyia
13%
God of WeddingsHymen
13%
Goddess of Fame and GossipPheme
13%
God of Zeal, Rivalry and JealousyZelus
13%
Goddess of DeciteApate
12%
God of TerrorDemios
11%
God of Satire, Writers and PoetsMomus
11%
God of the AegeanAigaios
10%
Goddess of TruthAletheia
10%
God of Hidden DangersPhorcys
10%
God of RebirthAttis
9%
Goddess of Gardens, Flowers, Swamps and MarshesAntheia
8%
Goddess of VirtueArete
8%
God of Luck and OpportunityCaerus
8%
God of LaughterGelos
8%
Goddess of JusticeAstraea
7%
Goddess of ViceKakia
6%
Goddess of ViolenceKer
6%
Goddess of MusicMusica
6%
God of SharksPalaemon
6%
God of NightmaresEpiales
5%
God of FantasyPhantasos
5%
God of InebriationComus
4%
Goddess of PersuasionPeitha
4%
God of DestructionOlethros
3%
Goddess of KindnessPhilophrosyne
3%
Goddess of the SoulPhysche
3%
Goddess of ParadoxAporia
2%

Score Distribution

Percentile by Number Answered

Percent of People with Each Score

Your Score History

You have not taken this quiz